000 00567nam a22002057a 4500
003 UA-OsUOA
001 9352
007 ta
008 20041103b un ||||| |||| 00| 0 ukr d
100 _aКорунець Ілько
942 _cSA
040 _aUA-OsUOA
_bukr
_cUA-OsUOA
_dUA-OsUOA
245 _aПросодійні елементи як об'єкт відтворення в перекладі
300 _aС.150-161
955 _a0
041 _aukr
044 _aUA
773 0 _w0
_tВсесвіт
_dК.
_d2004
_gN9-10
650 7 _aПереклад
_2UDC
999 _c295513
_d295513